Guess The Hint Name To Language 1 - Statistics

General Stats
  • This quiz has been taken 48 times
    24 since last reset
  • The average score is 26 of 28
Answer Stats
Country Answer % Correct
Denmark Danish
100%
Uk,Australia English
100%
Canadian Quebec,France French
100%
Germany German
100%
Greece Greek
100%
Ireland Irish
100%
Italy,San Marino,Vatican City Italian
100%
Japan Japanese
100%
China 1 Mandarin
100%
Poland Polish
100%
Belarus,Ukraine,Russia,Finland Russian
100%
Scotland Scottish
100%
Spain Spanish
100%
Vietnam Vietnamese
100%
Albania Albanian
95%
Philippines Filipino|Tagalog
95%
India 1 Hindi
95%
Sweden,Finland Swedish
95%
Turkey Turkish
95%
Usa American
90%
Indonesia Indonesian
90%
Malaysia Malay
90%
Norway Norwegian
90%
Wales Welsh
90%
Turkmenistan Turkmen
86%
Afghanistan Pashto
76%
Brazil|Portugal Portugese
67%
Rest Of Canada Canadian English
57%
No matching quizzes found
Score Distribution
Percent of People with Each Score
Percentile by Number Answered
Your Score History
You have not taken this quiz since the last reset